000 00411nam a22001697a 4500
005 20160627105410.0
008 160627b xxu||||| |||| 00| 0 eng d
020 _a978-81-920072-1-2
041 _aeng
082 _b10259
100 _aArcharya, Dr. Devesh Kumar
_92871
245 _aBangla Shaityer Itihas(Bangla)
260 _bUnited Books Agency
300 _a806
650 _aBangla
_92816
942 _cBK
999 _c4160
_d4159